Don alfredo /
Guardado en:
| Autor Principal: | |
|---|---|
| Otros Autores: | , , , |
| Formato: | Libro |
| Publicado: |
Buenos Aires :
Planeta
|
| Materias: | |
| Etiquetas: |
Agregar Etiqueta
Sin Etiquetas, Sea el primero en etiquetar este registro!
|
| LEADER | 00609nam a22002295a 4500 | ||
|---|---|---|---|
| 001 | CEM.cems011506 | ||
| 005 | 20070919172813.0 | ||
| 008 | 130507b######################000#0#####d | ||
| 003 | CEMS | ||
| 020 | |a 9504901166 | ||
| 082 | 0 | 4 | |a 923 |
| 100 | 1 | |a Bonasso, Miguel | |
| 245 | 1 | 0 | |a Don alfredo / |c Miguel Bonasso |
| 260 | |a Buenos Aires : |b Planeta | ||
| 300 | |a 461 p. | ||
| 653 | |a Biografías | ||
| 653 | |a Yabrán, alfredo-biografía | ||
| 700 | 1 | |a Enz, Daniel | |
| 700 | 1 | |a Klipphan, Andrés | |
| 700 | 1 | |a García, Paloma | |
| 700 | 1 | |a Skalon, Ana de | |
| 859 | |a CEMS |b BIB. CEMS - 11 de abril |h 923 |i Y1B |p 22469.04 |t Ej.1 | ||
